000 02993nam0a2200445 4500
001 RU\NLR\BIBL_A\011707196
005 20260503062308.0
020 _aRU
_b14514
_9Сводный каталог листовок первых лет Советской власти (25 октября (7 ноября) 1917 - 1925) Т.5. Листовки советских, партийных, профсоюзных, комсомольских и других организаций краев РСФСР. Ч.1
035 _a(NLR Aleph) 011707196
090 _a11416192
_c11416192
100 _a20180517j19210718|||y0rusy50 ca
101 0 _arus
102 _aRU
105 _ay z 000zy
135 _acrcn 024apada
200 1 _aПриказ № 11 Зиминского горисполкома от 18 июля сего года: [О борьбе со спекуляцией продовольственными продуктами и запрещении их продажи в случае невыполнения продналога
_eлистовка
_fЗиминский гор. исполнительный комитет Советов]
210 _aЗима
_cСов. тип.
_d1921, июль, 18
215 _a1 с.
_d25x14
300 _aПодписи: предгорисполкома Волнин; секретарь Хлыновский
325 1 _aКопия доступна в Электронной библиотеке РНБ
517 1 _aО борьбе со спекуляцией продовольственными продуктами и запрещении их продажи в случае невыполнения продналога
607 _aРСФСР
_jЛистовки
_xПолитика и управление
_y1917 - 1925
_92312782
_3RU\NLR\auth\6601609564
686 0 _aТ3(2)71-313,011
686 0 _aТ3(2Р-4Ир)713-203,011
702 1 _4720
_aВолнин
_cучастник установления советской власти, г. Зима
_9196519
_3RU\NLR\AUTH\770196570
702 1 _4720
_aХлыновский
_cучастник установления советской власти, г. Зима
_9196525
_3RU\NLR\AUTH\770196576
710 0 2 _aЗиминский городской исполнительный комитет Советов
_9624320
_3RU\NLR\AUTH\880481884
852 0 0 _aNLR
_bФЛ
_j30/65
856 0 _uhttps://vivaldi.nlr.ru/ll000011231/view
856 1 _uhttps://vivaldi.nlr.ru/ll000011231/cover
856 2 _uhttps://vivaldi.nlr.ru/ll000011231/text
942 _cBOOK
980 _aNB
981 2 1 _a(21) Листовки
_b(21) Листовки 1921 года
981 2 2 _a(22) Материалы по истории России
_b(22) История России с 25 октября (7 ноября) 1917 года